| 000 | 00000nam##2200000za#4500 |
| 001 | 9.697551 |
| 003 | CaOODSP |
| 005 | 20210624235530 |
| 007 | cr ||||||||||| |
| 008 | 150407|2001||||xxc|||||o f|0| 0 eng|d |
| 040 | |aCaOODSP|beng |
| 043 | |an-cn--- |
| 086 | 1 |aH39-575/2001E-PDF |
| 110 | 1 |aCanada. |bHealth Canada. |
| 245 | 10|aSituational analysis - a background paper on HIV/AIDS & Aboriginal people |h[electronic resource] |
| 260 | |aOttawa - Ontario : |bHealth Canada |cc2001. |
| 300 | |a92p.|bfigs., references, tables |
| 500 | |aThe catalogue number (H39-575/2001E) and ISBN (0-662-30324-5) for the print edition have been incorrectly copied in this electronic publication. |
| 590 | |a13-12-Supp|b2013-05-10 |
| 690 | 07|aAIDS (disease)|2gcpds |
| 690 | 07|aIndigenous peoples|2gcpds |
| 856 | 40|ahttp://publications.gc.ca|qPDF|s406 KB|uhttps://publications.gc.ca/collections/collection_2013/sc-hc/H39-575-2001-eng.pdf |